| 000 | 00418nam a2200169Ia 4500 | ||
|---|---|---|---|
| 008 | 190425s9999 xx 000 0 und d | ||
| 100 | _aYap, Tara | ||
| 245 | _aArt helps children face key concerns/ | ||
| 245 | _cTara Yap | ||
| 260 | _bManila Bulletin | ||
| 260 | _c2016 | ||
| 300 | _aNovember 18 | ||
| 440 | _aManila Bulletin | ||
| 650 | _aarts | ||
| 650 | _aIloilo (Philippines) | ||
| 650 | _asocial issues | ||
| 999 |
_c361677 _d361677 |
||